[Event "POL-chT 2nd League-4 2020"]
[Site "Poronin"]
[Date "2020.09.10"]
[Round "6.17"]
[White "Sochacki, Zenon"]
[Black "Gonsior, Monika"]
[Result "1/2-1/2"]
[WhiteElo "1885"]
[BlackElo "2001"]
[Annotator "RC"]
[PlyCount "59"]
[EventDate "2020.09.05"]
[EventType "team-tourn"]
[EventCountry "POL"]
[SourceTitle "playchess.com"]
[Source "ChessBase"]
[SourceQuality "1"]
[TimeControl "40/5400+30:900+30"]

1. d4 {[%emt 0:00:00]} e6 {[%emt 0:00:00]} 2. c4 {[%emt 0:00:00]} b6 {[%emt 0:00:00]} 3. a3 {[%emt 0:00:13]} Bb7 {[%emt 0:00:00]} 4. Nc3 {[%emt 0:00:14]} f5 {[%emt 0:00:49]} 5. Nf3 {[%emt 0:01:18]} Nf6 {[%emt 0:00:08]} 6. g3 {[%emt 0:00:54]} Be7 {[%emt 0:01:11]} 7. Bg2 {[%emt 0:00:11]} O-O {[%emt 0:00:09]} 8. O-O {[%emt 0:01:21]} a5 {[%emt 0:00:25]} 9. Rb1 {[%emt 0:03:56]} h6 {[%emt 0:04:35]} 10. b4 {[%emt 0:04:02]} Ne4 {[%emt 0:01:28]} 11. Qc2 {[%emt 0:00:38]} Nxc3 {[%emt 0:01:45]} 12. Qxc3 {[%emt 0:00:26]} Be4 {[%emt 0:00:12]} 13. Nd2 {[%emt 0:01:50]} Bxg2 {[%emt 0:02:04]} 14. Kxg2 {[%emt 0:00:02]} axb4 {[%emt 0:04:01]} 15. axb4 {[%emt 0:02:15]} d5 {[%emt 0:00:26]} 16. Nf3 {[%emt 0:04:48]} Nd7 {[%emt 0:05:13]} 17. cxd5 {[%emt 0:04:50]} exd5 {[%emt 0:00:44]} 18. b5 {[%emt 0:00:54]} Bd6 {[%emt 0:03:41]} 19. Ne5 {[%emt 0:03:58]} Nf6 {[%emt 0:06:04]} 20. Qc6 {[%emt 0:02:50]} Ra4 {[%emt 0:02:35]} 21. Bb2 {[%emt 0:23:53]} Qa8 {[%emt 0:05:12]} 22. Ra1 {[%emt 0:04:11]} Qxc6 {[%emt 0:01:38]} 23. Nxc6 {[%emt 0:00:50]} Rfa8 {[%emt 0:01:02]} 24. f3 {[%emt 0:01:53]} Kf7 {[%emt 0:03:37]} 25. Rxa4 {[%emt 0:02:34]} Rxa4 {[%emt 0:00:08]} 26. Ra1 {[%emt 0:00:07]} Rc4 {[%emt 0:04:26]} 27. Rc1 {[%emt 0:00:02]} Ke6 {[%emt 0:04:55]} 28. Nd8+ {[%emt 0:07:56]} Ke7 {[%emt 0:01:09]} 29. Nc6+ {[%emt 0:00:12]} Ke6 {[%emt 0:01:08]} 30. Nd8+ {[%emt 0:00:12]} 1/2-1/2

[Event "POL-chT 2nd League-4 2020"]
[Site "Poronin"]
[Date "2020.09.10"]
[Round "6.18"]
[White "Swiech, Joanna"]
[Black "Suchanek, Paulina"]
[Result "1-0"]
[WhiteElo "1910"]
[BlackElo "1555"]
[Annotator "TA"]
[PlyCount "67"]
[EventDate "2020.09.05"]
[EventType "team-tourn"]
[EventCountry "POL"]
[SourceTitle "playchess.com"]
[Source "ChessBase"]
[SourceQuality "1"]

{[%evp 9,66,6,7,3,7,9,9,9,10,8,8,-7,52,42,77,55,54,33,35,26,25,23,79,53,70,67,81,43,87,43,88,50,81,78,110,105,107,107,111,133,135,149,131,120,147,109,128,60,115,156,183,183,183,183,189,183,183,183,29999]} 1. d4 Nf6 2. c4 e6 3. a3 d5 4. Nc3 Be7 5. Bg5 O-O 6. e3 {E00: Catalan Bogo-Indian (3 g3 Bb4+).} b6 7. cxd5 Nxd5 8. Bxe7 {The position is equal.} Qxe7 {[#]} 9. Nxd5 $146 ({Predecessor:} 9. Bd3 Nxc3 10. bxc3 Bb7 11. Nf3 Nd7 12. Qc2 h6 13. e4 c5 14. O-O cxd4 15. cxd4 Nf6 16. Qe2 Nh7 17. a4 Ng5 18. Nxg5 Qxg5 19. f4 {0-1 (38) Cespedes,J (2230)-Munoz,D Santa Rosa 2011}) 9... exd5 10. Bd3 Nc6 ({Better is} 10... c5 $11) 11. Ne2 Bg4 12. Rc1 (12. Qc2 $5 {[%cal Rc2c6]} Bxe2 13. Bxh7+ (13. Qxe2 g6 $11) (13. Bxe2 Nd8 $14) 13... Kh8 14. Qxc6 $14 (14. Qxe2 g6 $17)) 12... Nd8 $1 13. Qc2 (13. O-O {seems wilder.} c6 14. b4 Bd7 15. Qb3 Ne6 16. b5) 13... Bxe2 $1 14. Bxe2 ({Much worse is} 14. Bxh7+ Kh8 $17) 14... Ne6 15. O-O g6 (15... c5 $11) 16. Bf3 $36 {[%mdl 2048] White has good play.} Rfd8 17. Qc6 Qd6 18. Rc2 h5 19. h4 Kg7 20. g3 Rab8 21. Rfc1 Kf6 22. g4 Qxc6 23. Rxc6 hxg4 24. Bxg4 Rh8 25. Bxe6 $1 fxe6 26. Rxc7 Rxh4 27. Rxa7 $16 {[%mdl 4096] Endgame KRR-KRR} Rbh8 28. Kg2 ({White should try} 28. Rcc7 $16) 28... g5 (28... Rh2+ $14 29. Kf3 R8h5) 29. Rcc7 Kf5 {[#]} 30. Kf3 $1 g4+ 31. Ke2 Rf8 32. Rf7+ Rxf7 33. Rxf7+ Ke4 $2 {[#]} (33... Kg6 $18 34. Rf8 b5) 34. Rf4# {Accuracy: White = 82%, Black = 59%.} 1-0

[Event "POL-chT 2nd League-4 2020"]
[Site "Poronin"]
[Date "2020.09.10"]
[Round "6.19"]
[White "Bednarczyk, Damian"]
[Black "Piekarski, Lukasz"]
[Result "1-0"]
[WhiteElo "2258"]
[BlackElo "1868"]
[Annotator "TA"]
[PlyCount "111"]
[EventDate "2020.09.05"]
[EventType "team-tourn"]
[EventCountry "POL"]
[SourceTitle "playchess.com"]
[Source "ChessBase"]
[SourceQuality "1"]

{[%evp 12,111,42,32,51,-7,-17,-54,-36,-44,-37,-47,-34,-34,0,-90,-83,-77,-86,-104,-94,-82,0,-20,78,94,104,-11,-19,-11,-27,-32,10,-32,-6,-66,0,-5,0,-54,-33,-42,-9,-9,-8,-8,-11,-8,13,0,136,132,132,99,106,106,106,64,64,0,77,76,102,0,62,0,429,433,419,398,530,529,854,827,12833,12823,29996,12825,29990,1542,1279,1003,988,990,972,941,830,631,711,704,664,660,608,0,539,423,731,712,881,872,29991,29992]} 1. d4 Nf6 2. c4 g6 3. f3 Bg7 4. e4 d6 5. Nc3 O-O 6. Bg5 Nc6 7. Qd2 a6 {E81: King's Indian: Sämisch: 6th move deviations (including 6 Be3 c6).} 8. d5 (8. Rd1 $14) 8... Ne5 $11 {[%cal Bc6e5,Be5d7,Bd7c5][%mdl 32]} 9. f4 Ned7 $1 {Black is slightly better.} 10. Bd3 {[#]} b5 $146 {[%mdl 512]} ({Predecessor:} 10... Nc5 11. Bc2 Rb8 12. Rb1 Ncd7 13. Nf3 c5 14. a4 Qe8 15. O-O e5 16. dxe6 Qxe6 {1-0 (28) Voinov,S (2264)-Guschin,A (2287) Kolomna 2008}) 11. Rc1 (11. cxb5 Nc5) 11... bxc4 12. Bxc4 Nc5 13. Qc2 (13. Qe2 $11) 13... Rb8 $1 $17 {Strongly threatening ...Nfxe4!} 14. b3 Ng4 {And now ...Ne3 would win.} 15. Qe2 h6 16. Bh4 {[#]} g5 ({Black should try} 16... c6 $1 $17 {[%mdl 512]} 17. Kf1 (17. dxc6 Bxc3+) 17... cxd5 18. Nxd5 Nf6) 17. h3 e5 (17... e6 $11 18. Bxg5 hxg5 19. hxg4 gxf4) 18. fxg5 $16 hxg5 19. hxg4 (19. Bg3 $16 Nf6 20. Bf2) 19... gxh4 $11 20. Nh3 Bh6 21. Rc2 Kh7 22. Nd1 Rg8 23. Ndf2 (23. g5 $11 Bxh3 24. Rxh3 Qxg5 25. Nc3) 23... Qf6 (23... Rg6 $15) 24. Rc3 Qg6 {[%cal Rc8g4]} 25. Rf3 (25. Qc2 $11) 25... Rg7 26. g3 Bxg4 27. Nxg4 Qxg4 28. Nf2 $132 {[%mdl 2048] White is fighting back} Qg5 29. Rxh4 Kg8 30. Ng4 Qxg4 (30... Qc1+ $11 {keeps the balance.} 31. Kf2 Bg5 32. Nf6+ Bxf6 33. Rxf6 Kf8) 31. Rxg4 $16 Rxg4 32. Re3 Rg6 {[#]} 33. Rc3 $1 a5 34. Qf3 Kg7 35. Bf1 (35. Kd1 $14) 35... Bg5 (35... a4 $11) 36. Qf5 Rb4 {...Bd2+! is the strong threat.} 37. Rc4 ({White should play} 37. Rxc5 $16 dxc5 38. Bc4 (38. Qxe5+ Bf6 $11)) 37... Rb8 ({Better is} 37... Be3 $11) 38. Rc3 (38. Qf3 $14) 38... f6 $2 {[%mdl 8192] [#] Black is now going downhill.} (38... Rb4 $1 $11 {and Black has nothing to worry.} 39. Bc4 Rb8) 39. Rxc5 $1 $18 {[%mdl 512]} dxc5 40. Qd7+ {[%mdl 64] Double Attack} Kh6 41. Qxc7 Rgg8 42. Bh3 Be3 43. Bf5 {Threatening mate with Qh7+.} Rh8 44. Ke2 (44. Qf7 $142 Bf2+ 45. Kxf2 Rhg8 46. Qxf6+ {[%mdl 64] Double Attack} Kh5 47. Qh4#) 44... Bg5 45. Kf3 (45. Qf7 $142 Rbg8 46. g4 Bh4 47. d6 c4 48. bxc4 Kg5 49. Kf3 a4 50. d7) 45... Rbg8 46. Qxc5 Bd2 47. d6 Bb4 48. Qc1+ Rg5 49. d7 Rd8 50. a3 Be7 51. Qh1+ Rh5 52. Qc1+ $2 (52. Qe1 $18) 52... Kg7 $2 {[%mdl 8192]} (52... Rg5 $1 $11 53. g4 Rh8) 53. Qc3 Rhh8 (53... Bxa3 $142 54. Qxa5 Be7) 54. Qxa5 Ra8 55. Qc7 Rhb8 56. d8=Q {[%mdl 64] Pin. Accuracy: White = 55%, Black = 44%.} 1-0

[Event "POL-chT 2nd League-4 2020"]
[Site "Poronin"]
[Date "2020.09.10"]
[Round "6.20"]
[White "Mrozowski, Patryk"]
[Black "Mirski, Michal"]
[Result "1/2-1/2"]
[WhiteElo "2062"]
[BlackElo "2032"]
[Annotator "TA"]
[PlyCount "84"]
[EventDate "2020.09.05"]
[EventType "team-tourn"]
[EventCountry "POL"]
[SourceTitle "playchess.com"]
[Source "ChessBase"]
[SourceQuality "1"]

{[%evp 14,84,20,0,0,0,-10,-55,-42,-58,-50,-68,-42,-79,-71,-73,-62,-60,-58,-78,-64,-93,-90,-104,-97,-118,-115,-118,-111,-118,-118,-118,-118,-141,-145,-139,-118,-137,-118,-122,-83,-75,-85,-118,-38,-38,-27,-27,-10,-33,-11,-11,-11,-11,-11,-17,-11,-17,-16,-14,-11,-15,0,-25,-17,-47,-47,-47,-47,-47,0,-47,0]} 1. e4 c5 2. Nf3 e6 3. d4 cxd4 4. Nxd4 Nf6 5. Bd3 Nc6 6. Nxc6 dxc6 7. O-O e5 8. Nc3 Bc5 {B40: Sicilian: 2...e6, Unusual lines.} 9. Bg5 h6 {[#]} 10. Bxf6 $146 (10. Bd2 {seems wilder.} Bg4 11. Qe1 O-O 12. Na4 Bd4 13. c3) ({Predecessor:} 10. Bh4 Qe7 11. Na4 g5 12. Bg3 Bd6 13. c4 h5 14. f3 h4 15. Bf2 g4 16. c5 {0-1 (34) Gayon,B (1947)-Enchev,I (2491) Sautron 2018}) 10... Qxf6 11. Kh1 Be6 12. Na4 Be7 13. Qe2 O-O 14. Nc3 Rad8 15. Qe3 b6 16. Ne2 Bc5 17. Qg3 Qg5 18. Rad1 Rd7 ({Weaker is} 18... Bxa2 19. Qxg5 hxg5 20. b3 $14) 19. Qxg5 hxg5 20. Ng1 Rfd8 21. b3 a5 {[%cal Ba7a5,Ba5a4][%mdl 32]} 22. Nf3 f6 23. Kg1 {[#]} a4 $1 {[%mdl 512]} 24. Rb1 (24. bxa4 Kh7) 24... Kf7 25. Rfd1 Ke7 26. h3 g4 27. hxg4 Bxg4 28. Kf1 Bxf3 (28... b5 $17 29. Be2 Rxd1+ 30. Rxd1 Rh8) 29. gxf3 $15 Rh8 {[#] Hoping for ...Rh2.} 30. Kg2 Rh5 31. Rh1 Rg5+ 32. Kf1 axb3 33. axb3 Ra7 34. Rh8 Bd4 35. Rd1 Ra2 36. Rc8 Kd7 37. Rh8 Kd6 38. Rb1 b5 39. Rc1 Kc5 40. Rc8 Rh5 {And now ...Rh1+ would win.} 41. Kg2 Rg5+ 42. Kf1 Rh5 {And White is the lucky defender. Accuracy: White = 78%, Black = 88%.} 1/2-1/2

[Event "POL-chT 2nd League-4 2020"]
[Site "Poronin"]
[Date "2020.09.10"]
[Round "6.21"]
[White "Turecki, Stanislaw"]
[Black "Pasionek, Ariel"]
[Result "1-0"]
[WhiteElo "1785"]
[BlackElo "1894"]
[Annotator "NA RC"]
[PlyCount "81"]
[EventDate "2020.09.05"]
[EventType "team-tourn"]
[EventCountry "POL"]
[SourceTitle "playchess.com"]
[Source "ChessBase"]
[SourceQuality "1"]
[TimeControl "40/5400+30:900+30"]

1. e4 {[%emt 0:00:00]} d5 {[%emt 0:00:05]} 2. exd5 {[%emt 0:00:22]} Qxd5 {[%emt 0:00:21]} 3. Nc3 {[%emt 0:00:31]} Qa5 {[%emt 0:00:11]} 4. d4 {[%emt 0:01:13]} Nf6 {[%emt 0:01:19]} 5. Bc4 {[%emt 0:01:47]} c6 {[%emt 0:01:57]} 6. Nge2 {[%emt 0:02:38]} Bf5 {[%emt 0:08:29]} 7. O-O {[%emt 0:01:51]} e6 {[%emt 0:03:59]} 8. Ng3 {[%emt 0:02:39]} Bd6 {[%emt 0:11:02]} 9. a3 {[%emt 0:07:52]} O-O {[%emt 0:09:48]} 10. Nxf5 {[%emt 0:07:54]} Qxf5 {[%emt 0:00:59]} 11. h3 {[%emt 0:01:45]} Nbd7 {[%emt 0:04:05]} 12. Bd2 {[%emt 0:03:06]} Nb6 {[%emt 0:28:58]} 13. g4 {[%emt 0:05:47]} Nxg4 {[%emt 0:05:14]} 14. hxg4 {[%emt 0:00:54]} Qf6 {[%emt 0:00:05]} 15. Ne4 {[%emt 0:06:46]} Qxd4 {[%emt 0:03:18]} 16. Nxd6 {[%emt 0:01:00]} Nxc4 {[%emt 0:00:18]} 17. Nxc4 {[%emt 0:00:13]} Qxc4 {[%emt 0:00:02]} 18. b3 {[%emt 0:03:48]} Qe4 {[%emt 0:02:25]} 19. Re1 {[%emt 0:01:20]} Qg6 {[%emt 0:00:05]} 20. Bc3 {[%emt 0:13:35]} Rad8 {[%emt 0:02:32]} 21. Qe2 {[%emt 0:00:20]} h5 {[%emt 0:00:10]} 22. Qe4 {[%emt 0:01:54]} Qg5 {[%emt 0:02:54]} 23. Re3 {[%emt 0:01:39]} Rd5 {[%emt 0:01:59]} 24. Rg3 {[%emt 0:01:49]} h4 {[%emt 0:00:40]} 25. f4 {[%emt 0:01:32]} Qh6 {[%emt 0:00:22]} 26. g5 {[%emt 0:01:16]} Qh5 {[%emt 0:00:31]} 27. Qf3 {[%emt 0:00:23]} Qg6 {[%emt 0:00:04]} 28. Rg2 {[%emt 0:00:32]} Rfd8 {[%emt 0:03:05]} 29. Re1 {[%emt 0:02:21]} Qf5 {[%emt 0:03:50]} 30. Kh2 {[%emt 0:01:19]} Rc5 {[%emt 0:03:04]} 31. Re3 {[%emt 0:01:36]} Rdd5 {[%emt 0:00:42]} 32. Rge2 {[%emt 0:02:35]} Rd1 {[%emt 0:00:37]} 33. Re5 {[%emt 0:00:42]} Rxe5 {[%emt 0:00:15]} 34. Bxe5 {[%emt 0:00:55]} Rc1 {[%emt 0:00:52]} 35. Qd3 {[%emt 0:04:08]} Qg4 {[%emt 0:01:20]} 36. Rg2 {[%emt 0:00:12]} Qh5 {[%emt 0:00:02]} 37. g6 {[%emt 0:01:43]} fxg6 {[%emt 0:01:10]} 38. Rxg6 {[%emt 0:00:58]} Rd1 {[%emt 0:00:19]} 39. Rxg7+ {[%emt 0:01:50]} Kf8 {[%emt 0:00:01]} 40. Qe3 {[%emt 0:00:00]} Qf5 {[%emt 0:00:00]} 41. Qc5+ {[%emt 0:02:46]} 1-0

[Event "POL-chT 2nd League-4 2020"]
[Site "Poronin"]
[Date "2020.09.10"]
[Round "6.22"]
[White "Wojciechowski, Beniamin"]
[Black "Rainer, Piotr"]
[Result "0-1"]
[WhiteElo "1814"]
[BlackElo "1641"]
[Annotator "NA RC"]
[PlyCount "62"]
[EventDate "2020.09.05"]
[EventType "team-tourn"]
[EventCountry "POL"]
[SourceTitle "playchess.com"]
[Source "ChessBase"]
[SourceQuality "1"]
[TimeControl "40/5400+30:900+30"]

1. e4 c5 2. Nc3 Nc6 3. g3 e5 4. Bg2 Nf6 5. d3 Be7 6. Nge2 O-O 7. O-O Nd4 8. a4 d6 9. h3 h5 10. Be3 Nh7 11. f4 f5 12. Nd5 fxe4 13. dxe4 Be6 14. c3 Bxd5 15. cxd4 exd4 16. exd5 dxe3 17. Qd3 Bf6 18. Qxe3 Re8 19. Qd2 Qe7 20. Rae1 Qe3+ 21. Qxe3 Rxe3 22. Bf3 Bxb2 23. Bxh5 Nf6 24. Bf3 Rae8 25. Kf2 Ra3 26. Rb1 Ra2 27. Ke1 Bc3+ 28. Kd1 Bb4 29. Rf2 Ne4 30. Bxe4 Rxe4 31. Nc3 Rd4+ 0-1

[Event "POL-chT 2nd League-4 2020"]
[Site "Poronin"]
[Date "2020.09.10"]
[Round "6.24"]
[White "Krzysztynska, Anna"]
[Black "Siwek, Kinga"]
[Result "1-0"]
[WhiteElo "1867"]
[BlackElo "1804"]
[Annotator "NA RC"]
[PlyCount "71"]
[EventDate "2020.09.05"]
[EventType "team-tourn"]
[EventCountry "POL"]
[SourceTitle "playchess.com"]
[Source "ChessBase"]
[SourceQuality "1"]
[TimeControl "40/5400+30:900+30"]

1. e4 c5 2. Nc3 Nc6 3. g3 g6 4. Bg2 Bg7 5. d3 e5 6. f4 d6 7. Nge2 Nge7 8. Be3 Nd4 9. O-O O-O 10. h3 Rb8 11. g4 f5 12. Ng3 Bd7 13. Kh2 Qc8 14. gxf5 gxf5 15. Nd5 Nxd5 16. exd5 Kh8 17. a4 c4 18. Ra3 cxd3 19. Rxd3 Bxa4 20. b3 Bd7 21. Bxd4 exd4 22. Rxd4 Be8 23. Rd3 Qd7 24. Re1 Bf7 25. Rde3 Rfe8 26. Qd3 Rxe3 27. Rxe3 Bg6 28. h4 Rf8 29. h5 Be8 30. Bh3 Bh6 31. Rf3 Qe7 32. Nxf5 Rxf5 33. Bxf5 Qh4+ 34. Kg2 Bxf4 35. Qd4+ Kg8 36. Be6+ 1-0

[Event "POL-chT 2nd League-4 2020"]
[Site "Poronin"]
[Date "2020.09.11"]
[Round "7.1"]
[White "Myc, Marcin"]
[Black "Krzywda, Andrzej"]
[Result "1/2-1/2"]
[WhiteElo "2279"]
[BlackElo "2122"]
[Annotator "TA"]
[PlyCount "57"]
[EventDate "2020.09.05"]
[EventType "team-tourn"]
[EventCountry "POL"]
[SourceTitle "playchess.com"]
[Source "ChessBase"]
[SourceQuality "1"]
[WhiteTeam "Skoczek Siedlce"]
[BlackTeam "Victoria Chroscice"]
[WhiteTeamCountry "POL"]
[BlackTeamCountry "POL"]

{[%evp 18,57,26,20,20,22,34,24,50,33,40,33,41,45,49,33,39,31,39,25,36,13,26,13,20,15,18,0,4,0,27,0,56,37,44,23,55,25,50,45,38,27]} 1. Nf3 Nf6 2. c4 e6 3. Nc3 c5 4. g3 b6 5. Bg2 Bb7 6. O-O Be7 7. d4 cxd4 8. Nxd4 Bxg2 9. Kxg2 Qc8 10. Qd3 O-O {A30: Symmetrical English: Double Fianchetto and Hedgehog.} 11. e4 d6 12. b3 Nbd7 {White has an edge.} 13. Bb2 {[#]} Qb7 $146 ({Predecessor:} 13... a6 14. Rad1 Qb7 15. f3 Rac8 16. Rfe1 Rfe8 17. f4 Bd8 18. Nf3 Bc7 19. Qe2 Red8 {1-0 (43) Shajakhmetov,L (2100)-Oorzhak,A (1899) Zelenograd 2018}) 14. f3 Rad8 15. Rad1 Rfe8 16. Qe2 a6 17. Rfe1 Bf8 18. Kg1 g6 19. Nc2 h5 20. Ne3 Rb8 21. a4 Rbc8 22. Ba3 Nc5 23. Qc2 h4 24. Kg2 Qb8 (24... Red8 $11) 25. Bb2 Ncd7 26. Qe2 Rc5 27. f4 Rcc8 28. Qf3 Qb7 29. g4 {Accuracy: White = 89%, Black = 72%.} 1/2-1/2

[Event "POL-chT 2nd League-4 2020"]
[Site "Poronin"]
[Date "2020.09.11"]
[Round "7.2"]
[White "Szymanski, Piotr"]
[Black "Kosiorek, Marek"]
[Result "1/2-1/2"]
[WhiteElo "2234"]
[BlackElo "2223"]
[Annotator "TA"]
[PlyCount "50"]
[EventDate "2020.09.05"]
[EventType "team-tourn"]
[EventCountry "POL"]
[SourceTitle "playchess.com"]
[Source "ChessBase"]
[SourceQuality "1"]
[WhiteTeam "Victoria Chroscice"]
[BlackTeam "Skoczek Siedlce"]
[WhiteTeamCountry "POL"]

{[%evp 15,50,40,58,43,58,45,43,44,37,41,43,43,47,37,61,41,37,33,47,33,33,33,54,60,67,29,62,-22,-23,-35,-18,-31,0,0,131,-25,0]} 1. d4 d6 2. Nf3 Nd7 3. c4 e5 4. Nc3 Ngf6 5. e4 Be7 6. Be2 O-O 7. O-O c6 8. Re1 h6 9. Bf1 {A55: Old Indian Defence with Nf3 and e4.} Nh7 10. Be3 Ng5 {[#]} 11. h3 $146 {White is slightly better.} ({Predecessor:} 11. Nd2 Ne6 12. Nb3 c5 13. dxe5 Nb8 {½-½ (13) Saric,A (2472)-Muse,M (2446) Sibenik 2010}) 11... Nxf3+ 12. Qxf3 Bg5 13. Rad1 Bxe3 14. Qxe3 Qf6 15. d5 c5 16. a3 Qd8 17. Bd3 a6 18. Rb1 Nf6 19. b4 $36 {[%mdl 2048] White has the initiative.} b6 20. Be2 Ra7 21. f4 (21. Rb2 $14) 21... exf4 $11 22. Qxf4 Re7 23. Rf1 Qc7 24. Qh4 Qd8 (24... Nh7 $11 {keeps the balance.}) 25. Qf4 $2 {[#]} (25. bxc5 $16 bxc5 26. Rxf6 gxf6 27. Qxh6) 25... Rfe8 {Accuracy: White = 67%, Black = 76%.} 1/2-1/2

[Event "POL-chT 2nd League-4 2020"]
[Site "Poronin"]
[Date "2020.09.11"]
[Round "7.3"]
[White "Lukasik, Adam"]
[Black "Chojnacki, Slawomir"]
[Result "1/2-1/2"]
[WhiteElo "2010"]
[BlackElo "2206"]
[Annotator "TA"]
[PlyCount "122"]
[EventDate "2020.09.05"]
[EventType "team-tourn"]
[EventCountry "POL"]
[SourceTitle "playchess.com"]
[Source "ChessBase"]
[SourceQuality "1"]
[WhiteTeam "Skoczek Siedlce"]
[BlackTeam "Victoria Chroscice"]
[BlackTeamCountry "POL"]

{[%evp 9,122,15,43,22,40,22,30,28,41,-8,40,0,39,-3,63,68,70,67,83,81,81,81,85,71,87,72,106,97,160,167,204,177,247,252,274,276,331,318,286,256,276,254,388,256,362,341,331,145,145,142,273,160,165,172,187,171,175,116,192,179,211,111,148,150,314,162,148,46,212,185,195,56,60,59,71,0,139,0,0,0,0,0,0,0,0,0,0,0,0,0,0,0,0,0,0,0,0,0,0,0,0,0,0,0,0,0,0,0,0,0,0,0,0,0,0]} 1. d4 d5 2. Nf3 Nf6 3. c4 e6 4. g3 c6 5. Nbd2 b5 6. b3 {[#] D30: Queen's Gambit Declined: Systems without Nc3.} Be7 $146 ({Predecessor:} 6... a5 7. Bg2 a4 8. Rb1 axb3 9. axb3 Be7 10. O-O O-O 11. Ne5 Ra2 12. Bb2 Ba6 13. Qc1 {0-1 (36) Ivanov,M (2475)-Sveshnikov,E (2585) Elista 1994}) 7. Bg2 O-O 8. O-O {White has an edge.} a5 9. a3 Nbd7 10. Qc2 Ba6 11. Re1 Rc8 (11... bxc4 $11 12. bxc4 c5) 12. c5 $1 $14 Qc7 13. b4 Ra8 14. Bb2 Ra7 15. Bc3 a4 16. h3 Qb8 17. Rad1 Bd8 18. Ne5 Nxe5 (18... Qc7 $142) 19. dxe5 $16 Nd7 20. e4 Bc7 (20... Be7 $142 21. Nf3 Rc8) 21. f4 $18 Re8 22. Nf3 Nf8 23. Nd4 Qa8 24. Qe2 Bc8 25. Qh5 Bd7 (25... Qb7 $142 26. h4 h6) 26. Re2 Ng6 (26... Qd8 {might work better.} 27. h4 Bb8) 27. Nf3 Bd8 28. Ng5 (28. f5 $18 {is more deadly.}) 28... Bxg5 $16 29. Qxg5 Ne7 (29... Qd8 $16 {was worth a try.}) 30. Rf1 (30. f5 $1 $18) 30... h6 31. Qh5 dxe4 32. Bxe4 Nd5 33. Bd2 ({White should play} 33. Qf3 $18) 33... Re7 (33... f5 $16) 34. g4 Qf8 35. Rg2 (35. f5 $18 exf5 36. Bxd5 (36. Bxf5 Bc8 $16)) 35... Be8 {White should prevent ...f5.} 36. Qh4 Kh8 $2 (36... f5 $16 37. gxf5 exf5) 37. Qg3 (37. f5 $142 exf5 38. gxf5) 37... f6 38. Bb1 ({White should try} 38. exf6 $16 Qxf6 39. Qd3) 38... fxe5 $2 (38... f5 $1 $14) 39. Qd3 $18 {[%csl Gb1][%cal Rd3h7]} ({Resist} 39. fxe5 $6 Rf7 $16) 39... g6 {[%cal Re5f4] [#]} 40. fxe5 (40. Bc3 $1 $18) 40... Rf7 $14 41. Rgf2 Qg7 42. Qd4 (42. g5 $16) 42... g5 {[#]} (42... Rxf2 $1 $11 {keeps the balance.} 43. Rxf2 g5) 43. Qe4 (43. Rf6 $1 $16) 43... Rxf2 $11 {The position is equal.} 44. Rxf2 Rf7 45. Rxf7 Bxf7 46. Kg2 Bg8 47. Kg3 Bh7 48. Qxh7+ Qxh7 49. Bxh7 Kxh7 {[%mdl 4096] Endgame KB-KN} 50. Kf3 Kg6 51. Ke4 Ne7 52. Be1 h5 53. Kf3 Kh6 54. Ke4 Kg6 55. Kf3 Ng8 56. Bf2 Ne7 57. Be1 Kh6 58. Ke4 Ng6 {White must now prevent ...Nf4.} 59. Bd2 Nh4 60. Bc1 Ng6 61. Be3 Ne7 {Blacks defense is rewarded with a draw. Accuracy: White = 62%, Black = 55%.} 1/2-1/2

[Event "POL-chT 2nd League-4 2020"]
[Site "Poronin"]
[Date "2020.09.11"]
[Round "7.4"]
[White "Malecki, Rafal"]
[Black "Czapla, Andrzej"]
[Result "0-1"]
[WhiteElo "2025"]
[BlackElo "1993"]
[Annotator "TA"]
[PlyCount "68"]
[EventDate "2020.09.05"]
[EventType "team-tourn"]
[EventCountry "POL"]
[SourceTitle "playchess.com"]
[Source "ChessBase"]
[SourceQuality "1"]
[WhiteTeam "Victoria Chroscice"]
[BlackTeam "Skoczek Siedlce"]
[WhiteTeamCountry "POL"]
[BlackTeamCountry "POL"]

{[%evp 9,67,33,35,32,62,17,27,19,40,-10,-17,-67,-39,-36,-46,-37,-31,-31,-34,-30,-31,-50,-32,-42,-25,-37,-19,-32,-32,-79,-77,-83,-97,-164,-91,-168,-163,-242,-253,-231,-101,-104,-12,-23,-14,-258,-259,-1112,-1104,-1092,-1074,-5389,-1690,-29996,-1075,-29997,-29998,-29998,-29999,-29999]} 1. Nf3 c5 2. g3 b5 3. Bg2 Bb7 4. O-O Nf6 5. d3 g6 6. e4 {A05: Réti Opening: 1 Nf3 Nf6.} d6 7. c3 Nbd7 8. a4 {[#] White has an edge.} b4 $146 ({Predecessor:} 8... a6 9. axb5 axb5 10. Rxa8 Qxa8 11. Na3 Bc6 12. Qb3 c4 13. dxc4 Nc5 14. Qd1 Bxe4 15. Nxb5 {1-0 (29) Djuric,S (2420)-Peignelin,A (1720) Avoine 2016}) 9. Qb3 a5 10. e5 Bxf3 (10... Bd5 $5 {[%cal Rd5b3]} 11. c4 Bxf3 12. Bxf3 Nxe5 13. Bxa8 Qxa8 $11) 11. exf6 Bxg2 12. fxe7 $1 Qxe7 13. Kxg2 Bg7 14. Bf4 O-O 15. Nd2 Nb6 16. Rfe1 Qb7+ 17. Kg1 $1 Rad8 18. Ne4 Qc6 19. Bg5 Rde8 20. cxb4 axb4 21. Rec1 (21. a5 $17 Nd7 22. Bf4) 21... Re6 (21... Nd5 $19 22. Re1 Kh8) 22. Qxb4 (22. Bf4 $17) 22... Nd7 $1 $19 {[%cal Rd7e5] White must now prevent ...Ne5.} 23. Qa3 (23. Qb5 $142 Qxb5 24. axb5 Bxb2 {[%mdl 64] Double Attack} 25. Ra7 Bxc1 26. Bxc1) 23... Rb8 24. Rc2 Qd5 (24... Ne5 $19 {has better winning chances. Strongly threatening ...Nf3+.} 25. Nd2 Qd5) 25. Bf4 $17 {[#]} Ne5 (25... Rbe8 $1 $17 {Threatens to win with ...f5.} 26. Rf1 Bd4) 26. Bxe5 $1 $11 Bxe5 27. Nd2 $2 {Loses the game.} (27. Rd2 $11) 27... Bd4 $19 28. Nc4 $2 (28. Ne4 c4 29. Qa2) 28... Rbe8 29. Rf1 Re1 {( -> ...Rxf1+)} 30. Ne3 {[#]} R8xe3 (30... Bxe3 $142 $1 {[%mdl 512]} 31. fxe3 Rxf1+ 32. Kxf1 Rxe3) 31. fxe3 Bxe3+ 32. Rcf2 {[#]} Qf3 $1 {[%csl Gf3][%cal Re3f2][%mdl 576] Pin. Black mates.} 33. Rxe1 Qxf2+ 34. Kh1 Qf3# {Accuracy: White = 50%, Black = 67%.} 0-1